| 000 | 00484nam a2200157Ia 4500 | ||
|---|---|---|---|
| 003 | SGT | ||
| 020 | _a9788126512652 | ||
| 082 |
_a5.133 _bBLA |
||
| 100 | _aBlack Book | ||
| 245 | _ajava 6 Progamming | ||
| 260 |
_bDreamtech Press _aNew Delhi _c2013 |
||
| 300 | _a1583p. | ||
| 650 | _aELECTRICAL ENGINEERING | ||
| 653 | _aTHE SIGNALS AND SYSTEM COURSE IN THE ELECTRICAL ENGINEERING UNDERGRADUATE CURRICULUM,HOW THIS BOOK SATISFIES THE ESSENTIAL NEEDS OF THIS COURSE | ||
| 942 |
_2ddc _cBK |
||
| 999 |
_c5614 _d5614 |
||